Libro conmemorativo 2011: Recopilacion de los mejores proyectos / Claudio Castro de Mercado [et-al] (Registro nro. 11690)
[ vista simple ]
| 000 -LEADER | |
|---|---|
| fixed length control field | 00549nam a22001691a 4500 |
| 001 - CONTROL NUMBER | |
| control field | 11690 |
| 003 - CONTROL NUMBER IDENTIFIER | |
| control field | OSt |
| 005 - DATE AND TIME OF LATEST TRANSACTION | |
| control field | 20260204212251.0 |
| 008 - FIXED-LENGTH DATA ELEMENTS--GENERAL INFORMATION | |
| fixed length control field | 130507s2011||||dr ||||||b||||||||||spa|| |
| 020 ## - NUMERO DE LIBRO INTERNACIONAL NORMALIZADO | |
| International Standard Book Number | 9788562716065 |
| 050 ## - LIBRARY OF CONGRESS CALL NUMBER | |
| Classification number | RD 667 L616c |
| 245 ## - TÍTULO PROPIAMENTE DICHO: SUBTÍTULO | |
| Title | Libro conmemorativo 2011: Recopilacion de los mejores proyectos / Claudio Castro de Mercado [et-al] |
| 264 ## - PRODUCTION, PUBLICATION, DISTRIBUTION, MANUFACTURE, AND COPYRIGHT NOTICE | |
| Place of production, publication, distribution, manufacture | República Dominicana : ODEBRECTH |
| 300 ## - PHYSICAL DESCRIPTION | |
| Extensión | 307 p |
| 650 ## - ASIENTO SECUNDARIO DE MATERIA -- TERMINO TEMÁTICO | |
| Termino Temático Como Elemento de Entrada | DESARROLLO CIENTIFICO Y TECNOLOGICO (REPUBLICA DOMINICANA) 2.DESARROLLO SOSTENIBLE I-TITÌ |
| 942 ## - ADDED ENTRY ELEMENTS (KOHA) | |
| Source of classification or shelving scheme | Dewey Decimal Classification |
| Koha item type | Libros |
| Withdrawn status | Lost status | Source of classification or shelving scheme | Damaged status | Not for loan | Current library | Date acquired | Total Checkouts | Full call number | Barcode | Date last seen | Price effective from | Koha item type |
|---|---|---|---|---|---|---|---|---|---|---|---|---|
| Dewey Decimal Classification | Biblioteca UTECO | 09/09/2019 | RD 667 L616C | 016773 | 09/09/2019 | 09/09/2019 | Libros |
